000 01181 a2200229 4500
003 MN-UlNLM
005 20221004151805.0
008 a130t2011 mp ||||| |||| 00| 0 mon d
040 _aМонгол Улсын Үндэсний номын сан
084 _a78.34(5Мон)
_2NNA
_bМ 695
_q7
110 _aМҮНС
245 1 _aМонгол улсын үндэсний номын сан
_bТанилцуулга
_cЭмхт. Д.Бямбасүрэн
_cРед. Х.Чилаажав
246 _aThe national library of Mongolia
260 1 _c2011
_aУБ
_bСодпресс
300 _a24х
_eЗур.
546 _aMongolia
653 _aСоёл, шинжлэх ухаан, боловсрол
_aНомын сангийн ажлын зохион байгуулалт
740 _aҮндэсний номын сангийн тухай товчхон
_aМэдээлэл арга зүй, эрдэм шинжилгээний хэлтэс
_aНом бүрдүүлэх, боловсруулах солилцох хэлтэс
_aФонд хадгаламжийн хэлтэс
_aУншлага үйлчилгээний хэлтэс
856 _aprintbook
942 _cBK
999 _c68199
_d68199